00463nam a22001457a 4500020002200000082001200022100001900034245003700053260004100090300000800131650001700139942000700156952013700163999001700300 a978-93-80615-12-7 a323 BHU aBhuimali, Anil aLaw Enforcement and Human Rights aGurgaon, HaryanabMadhav Booksc2013 a143 aHuman rights cBK 00104070aHMIbHMIcGENd2017-12-04eKohinoor Book Distributorsg550.00l1o323 BHUp25458r2019-08-02s2019-07-31w2017-12-20yBK c20816d20816